000 01341nam a22003497a 4500
001 0008509
003 KOHA_MİRAKIL
005 20260207001637.0
007 ta
008 091009b2008 tu |||gr||||#||||0|tur |
020 _a9789751601865
_qtk. 9789751604972
_qc.2
_q9789757601872
_q(c.1)
_cTL10
040 _aTR-BiSEU
_btur
_cTR-BiSEU
_erda
041 0 _atur
044 _ctu
050 _aD157
_b.R86 2008
100 1 _aRunciman, Steven.
245 1 _aHaçlı Seferleri Tarihi I: Birinci haçlı seferi ve Kudüs krallığının kuruluşu/
_cSteven Runciman ; Steven Runciman; çeviren Fikret Işıltan.
264 1 _aAnkara :
_bTürk Tarih Kurumu
_c2008
300 _aXII, 309 sayfa: resimli; 23 cm.
336 _ametin
_btxt
_2rdacontent
337 _aaracısız
_bn
_2rdamedia
338 _acilt
_bnc
_2rdacarrier
490 1 _aAtatürk Kültür,Dil ve Tarih Yüksek Kurumu Türk Tarih Kurumu Yayınları ;
_vX.
490 1 _adizi- sayı 9-c
500 _aKaynakça ve dizin var.
500 _aEserin bu cildi Birinci haçlı seferi ve Kudüs krallığının kuruluşunu içermektedir.
650 0 _aCrusades.
_915851
650 0 _aHaçlı seferleri.
_914387
830 1 _aAtatürk Kültür,Dil ve Tarih Yüksek Kurumu Türk Tarih Kurumu Yayınları ;
_vX.
_914135
830 1 _adizi- sayı 9-c
_921229
942 _2lcc
_cBK
999 _c8481
_d8481